| 000 | 00597nam a22002177a 4500 | ||
|---|---|---|---|
| 005 | 20221011112727.0 | ||
| 008 | 221011b ||||| |||| 00| 0 eng d | ||
| 040 | _cAL | ||
| 041 | _aeng | ||
| 082 |
_223 _a501 _bCOMM |
||
| 100 |
_aSaxe Commins _959384 |
||
| 100 |
_dRobert N Linscott _959385 |
||
| 245 | _aMan and the universe the philosophers of science | ||
| 300 |
_a684p. _bPB _c16x11cm. |
||
| 650 |
_aPhilosophers _959386 |
||
| 650 |
_aScience _959387 |
||
| 650 |
_aWorlds Thinkers _959388 |
||
| 700 |
_aCOMMINS (Saxe) _959389 |
||
| 700 |
_aLINSCOTT (Robert N) _959390 |
||
| 942 |
_2ddc _cBK |
||
| 999 |
_c224808 _d224808 |
||